000 00488nam a2200181Ia 4500
008 090630s9999 xx 000 0 und d
082 _b29058
100 _aLimpke Julia.
245 _aModelling in Claycherubic Children.
_cLimpke Julia.
260 _bSearch Press.
300 _a32
600 _aLimpke Julia.
630 _aModelling in Claycherubic Children.
655 _aEnglish.
700 _aLimpke Julia.
730 _aModelling in Claycherubic Children.
942 _cBOOK
999 _c280914
_d280914